000 00741nam a2200265Ia 4500
003 OSt
005 20221007111004.0
006 a|||||r|||| 00| 0
007 ta
008 221006b |||||||| |||| 00| 0 eng d
024 _a22,322
037 _cTextual
040 _aLCO
_cLCO
_beng
041 _2eng
_aeng
082 _aX7291:(Z4481), L4
100 _aSaini S.P.
_9309961
245 0 _aDelhi Sales Tax Law
250 _a5th
260 _aDelhi
_bSaini Law Publishing Co.
_c1974
300 _avarious
500 _aThe Bengal Finance (Sales Tax) Act, 1941; The Delhi Sales Tax Rules, 1951
650 _aSALES TAX
_9258895
942 _hX7291:(Z4481), L4
_cTEXL
999 _c1191885
_d1191885